Estudio de la línea de producción de la industria
Сохранить в:
| Главный автор: | |
|---|---|
| Формат: | |
| Опубликовано: |
[San José , Costa Rica]
1971
|
| Метки: |
Добавить метку
Нет меток, Требуется 1-ая метка записи!
|
MARC
| LEADER | 00000nam a2200000Ia 4500 | ||
|---|---|---|---|
| 003 | MV0006 | ||
| 005 | 20231115081434.0 | ||
| 008 | 140114s1971 c a m 000 ||s d | ||
| 040 | |c cru CEDI | ||
| 090 | |a MV 06 | ||
| 100 | |a Argüello Argüello, Eduardo |9 18319 | ||
| 245 | |a Estudio de la línea de producción de la industria | ||
| 260 | |a [San José , Costa Rica] |c 1971 | ||
| 300 | |a 24 hojas | ||
| 942 | |c MV |h MV 06 |i MV0006 |6 MV_06_000000000000000_MV0006 | ||
| 999 | |c 15344 |d 15344 | ||
